Music Quiz

Random Music or Rock Quiz
Score 0/24 Timer 08:00
0 Plays Today
First Five Nouns Song % Correct
Highway, Wind, Hair, Smell, ColitasHotel California
79.8%
MTV, Yo-Yos, Guitar, Money, ChicksMoney For Nothing
67.5%
Girl, Mama, Jesus, America, ElvisFree Fallin'
52%
London, Towns, War, Battle, UnderworldLondon Calling
50.3%
Bags, Night, Pre-Flight, Hour, KiteRocket Man
46.9%
Dues, Time, Sentence, Crime, MistakesWe Are The Champions
42.3%
News, Boy, Man, Grade, PhotographA Day In The Life
38%
Motor, Highway, Adventure, Darlin', WorldBorn To Be Wild
33.3%
Boy, Ball, Soho, Brighton, HallPinball Wizard
29.8%
Today, Day, Backbeat, Word, StreetWonderwall
29.6%
Heaven, Hell, Skies, Pain, FieldWish You Were Here
29.4%
Guns, Friends, Word, Lights, MulattoSmells Like Teen Spirit
27.6%
First Five Nouns Song % Correct
Machine, Motor, Woman, Eyes, LiesYou Shook Me All Night Long
27.4%
Time, Music, Chance, People, FebruaryAmerican Pie
22.3%
Backstroke, Lover, Covers, Daddy, MuffinWalk This Way
19.8%
Partner, Friend, City, Angels, StreetsUnder The Bridge
19%
Smile, Memories, Sky, Face, PlaceSweet Child O' Mine
17.9%
Heaven, Hell, Sky, People, TodayImagine
13.8%
Hurricane, Ma, Rain, Fact, GasJumpin' Jack Flash
13.3%
Folks, Flag, Band, Chief, CannonFortunate Son
11.7%
Home, Pictures, Mountain, Tops, SunJeremy
7.2%
Day, Nurses, Wonder, Joy, NurseBad To The Bone
6.5%
Life, Lengths, Distance, Eyes, CornerLosing My Religion
6.4%
Eyes, Disguise, Face, Snake, SunBlack Hole Sun
4.5%
Remove Ads.
Support Sporcle.
Get the best of Sporcle when you Go Orange. This ad-free experience offers more features, more stats, and more fun while also helping to support Sporcle. Thank you for becoming a member.

You're not logged in!

Compare scores with friends on all Sporcle quizzes.
OR
Log In

Show Comments

Extras

Top Quizzes Today


Score Distribution

Your Account Isn't Verified!

In order to create a playlist on Sporcle, you need to verify the email address you used during registration. Go to your Sporcle Settings to finish the process.

Report this User

Report this user for behavior that violates our Community Guidelines.

Details: